banner koha

Estrutura e sucessão ecológica de uma comunidade florestal urbana no sul do Espírito Santo (Registro n. 331191)

MARC details
000 -LÍDER
fixed length control field 04153nab a2200277 i 4500
003 - CÓDIGO MARC DA AGÊNCIA CATALOGADORA
Campo de controle BR-BrBNA
005 - DATA E HORA DA ÚLTIMA ATUALIZAÇÃO
Campo de controle 20250425071907.0
008 - CAMPO DE TAMANHO FIXO
fixed length control field 250425b2017 bl.qr|pooa||| 00| 0 por |
040 ## - FONTE DA CATALOGAÇÃO
Agência catalogadora BR-BrBNA
Idioma da catalogação por
072 ## - CATEGORIA AGRIS
Código AGRIS K10
100 ## - ENTRADA PRINCIPAL - NOME PESSOAL
Nome pessoal Silva, Wiane Meloni
100 ## - ENTRADA PRINCIPAL - NOME PESSOAL
Nome pessoal Zorzanelli, João Paulo Fernandes
100 ## - ENTRADA PRINCIPAL - NOME PESSOAL
Nome pessoal Moreau, Julia Siqueira
100 ## - ENTRADA PRINCIPAL - NOME PESSOAL
Nome pessoal Abreu, Karla Maria Pedra de
100 ## - ENTRADA PRINCIPAL - NOME PESSOAL
Nome pessoal Kunz, Sustanis Horn
245 ## - TÍTULO PRINCIPAL
Título principal Estrutura e sucessão ecológica de uma comunidade florestal urbana no sul do Espírito Santo
500 ## - NOTA GERAL
Nota geral Publicação on-line; Bibliography p. 312-314 (54 ref.); 3 tables; 3 illus.; Summaries (En, Pt)
942 ## - ADDED ENTRY ELEMENTS (KOHA)
Koha item type Analítica
520 ## - NOTA DE RESUMO
Nota de conteúdo <br/><br/>Resumo<br/><br/>Comunidades florestais são ambientes dinâmicos, nas quais processos de sucessão ocorrem naturalmente,<br/>podendo conduzir à maturidade da floresta. O objetivo deste estudo foi avaliar a estrutura do componente<br/>arbustivo-arbóreo de um fragmento de Floresta Estacional Semidecidual e caracterizar o seu estágio sucessional.<br/>O estudo foi realizado no município de Alegre, Espírito Santo, na ARIE Laerth Paiva Gama. A amostragem<br/>de todos os indivíduos com DAP ≥ 5 cm foi realizada por meio de pontos-quadrantes. Além dos parâmetros<br/>ecológicos foi obtida a estrutura diamétrica para a comunidade. As espécies foram classificadas quanto ao grupo<br/>ecológico em pioneiras, secundárias iniciais e secundárias tardias, e quanto ao grau de ameaça de extinção.<br/>Foram registradas 112 espécies, 81 gêneros e 34 famílias, das quais se destacaram em Valor de Importância<br/>Pseudopiptadenia contorta (15,33), Apuleia leiocarpa (5,08), Acosmium lentiscifolium (4,42) e Parapiptadenia<br/>pterosperma (4,30). O índice de Shannon foi de 4,17 e a equabilidade de 0,87, sendo considerados valores<br/>elevados para florestas estacionais semideciduais. Com relação à avaliação dos grupamentos ecológicos,<br/>as secundárias tardias e iniciais se destacaram em riqueza, no entanto as iniciais foram mais abundantes na<br/>comunidade. Deste modo, o remanescente florestal estudado pode ser caracterizado como pertencente ao<br/>estágio sucessional inicial-intermediário.<br/><br/>Palavras-chave: espécies ameaçadas, fitossociologia, floresta estacional semidecidual, Unidade de Conservação.<br/><br/><br/><br/><br/><br/>Abstract<br/><br/>Forest communities are dynamic environments in which succession processes occur naturally, may lead to<br/>the maturity of the forest. The objective of this study was to evaluate the structure of the woody component<br/>of a fragment of semideciduous forest and characterize their successional stage. The study was conducted in<br/>the municipality of Alegre, Espirito Santo, in ARIE Laerth Paiva Gama. The sampling of all individuals with<br/>DBH ≥ 5 cm was performed by points quadrants. In addition to the ecological parameters it was obtained<br/>diameter structure to the community. The species were classified according to environmental group in pioneers,<br/>early secondary and late secondary, and the degree of threat of extinction. Were recorded the 112 species,<br/>81 genera and 34 families, of which have excelled in importance value were Pseudopiptadenia contorta<br/>(15.33), Apuleia leiocarpa (5.08), Acosmium lentiscifolium (4.42) and Parapiptadenia pterosperma (4.30).<br/>The Shannon index was 4.17 and the evenness of 0.87 and are considered high values for semideciduous<br/>forests. As to the evaluation of ecological groups, late and early secondary stood out in wealth, however<br/>initials were more abundant in the community. Thus, the remaining forest studied can be characterized as<br/>belonging to the initial-intermediate stage succession.<br/><br/>Key words: endangered species, phytosociology, semi-deciduous forest, Conservation Unit
650 ## - ASSUNTO - THESAGRO
Cabeçalho tópico ou nome geográfico FLORESTA ATLÂNTICA
650 ## - ASSUNTO - THESAGRO
Cabeçalho tópico ou nome geográfico UNIDADE DE CONSERVAÇÃO
650 ## - ASSUNTO - THESAGRO
Cabeçalho tópico ou nome geográfico VEGETAÇÃO
773 0# - ENTRADA ANALÍTICA
Host Biblionumber 709
Registro do item 349998
Imprenta Rio de Janeiro-RJ Jardim Botanico do Rio de Janeiro 1935
Outro identificador 2025-2520
Título Rodriguésia (Brazil)
ISSN 0370-6583; 2175-7860 on-line
Colação v. 68(2) p. 301-314; (2017)
Número de controle de registro BR2025000762
856 ## - ACESSO E ENDEREÇO ELETRÔNICO
Identificador uniforme de recurso - URI https://www.scielo.br/j/rod/a/XtCDWbgQr4kkd95KGDMJkhg/?format=pdf&lang=pt

Nenhum exemplar disponível.

BINAGRI

Telefone: (61)3218-2567/2388/3357/2097 - binagri@agro.gov.br

Ministério da Agricultura e Pecuária , Esplanada dos Ministérios, Bloco D, Anexo B, Brasília/DF, CEP: 70.043-900